Statistiques concernant Drapeaux en formes de régions françaises

Cliquez ici pour prendre le quiz!

Statistiques générales

  • Ce quiz a été pris 310 fois
  • Le résultat moyen est 9 sur 12

Statistiques - réponses

ImagesRéponses% Correct
Corse
96%
Bretagne
95%
Normandie
87%
Ile-de-France
84%
Occitanie
81%
Provence-Alpes-Côte-d'Azur
73%
Auvergne-Rhône-Alpes
71%
Nouvelle-Aquitaine
69%
Grand-Est
68%
Pays-de-la-Loire
68%
Bourgogne-Franche-Comté
63%
Centre-Val-de-Loire
63%

Distribution des résultats

Percentile par nombre de réponses

% des personnes avec chaque résultat

Votre développement - résultats

Vous n’avez pas pris ce quiz